Bioenergetics: the molecular basis of biological energy transformations
Saved in:
| Hovedforfatter: | |
|---|---|
| Format: | Bog |
| Sprog: | engelsk |
| Udgivet: |
Menlo Park
W. A. Benjamin
1971
|
| Udgivelse: | Segunda edición |
| Fag: | |
| Tags: |
Tilføj Tag
Ingen Tags, Vær først til at tagge denne postø!
|
MARC
| LEADER | 00000cam a2200000 a 4500 | ||
|---|---|---|---|
| 001 | UCU4126 | ||
| 003 | CL-VaPUC | ||
| 005 | 20230112074252.0 | ||
| 008 | 960517e19710000US |||||||||||||||||eng|d | ||
| 999 | |c 247938 |d 247936 | ||
| 040 | |c Pontificia Universidad Católica de Valparaíso | ||
| 082 | 0 | 4 | |a 572.43 LEH 1971 |2 21 |
| 100 | |a Lehninger, Albert L |9 482335 | ||
| 245 | 1 | 0 | |a Bioenergetics: the molecular basis of biological energy transformations |
| 250 | |a Segunda edición | ||
| 260 | 0 | 3 | |a Menlo Park |b W. A. Benjamin |c 1971 |
| 300 | |a 245 páginas | ||
| 583 | |a last modification |c 20170417 12:27:20 |k Rodrigo Vera | ||
| 650 | 0 | |a Biología |9 262022 | |
| 650 | 0 | |a Bioquímica |9 259492 | |
| 650 | 0 | |a Citología |9 261432 | |
| 650 | 0 | |a Termodinámica |9 259320 | |
| 650 | 0 | |a Energía |9 259431 | |
| 650 | 7 | |a PROTEINAS |2 CL-VaPUC |9 361554 | |
| 942 | |c BK |2 ddc | ||
| 945 | |d 19960517 00:00:00 |a paguirre | ||
| 952 | |0 0 |1 0 |2 ddc |4 0 |6 572_430000000000000_LEH_1971 |7 0 |8 A |9 264206 |a BIBALI |b BIBALI |c GEN |d 2019-11-19 |i 1968181 |o 572.43 LEH 1971 |p 1968181 |r 2025-01-20 |t 3 |w 2019-11-19 |y BK |k ALI | ||
| 952 | |0 0 |1 0 |2 ddc |3 erb |4 0 |6 572_430000000000000_LEH_1971 |7 0 |8 A |9 264207 |a BIBCUR |b BIBCUR |i 5388554 |l 2 |m 1 |o 572.43 LEH 1971 |p 5388554 |r 2025-04-22 |s 2025-03-31 |t 1 |w 2019-11-19 |y BK |z Catalogado en:20170422 |k BIO | ||